Normal view MARC view
  • Kilpatrick, William Heard,

Entry Nombre Personal

Number of records used in: 6

001 - NUMERO DE CONTROL

  • campo de control: 28830

003 - IDENTIFICADOR DE NUMERO DE CONTROL

  • campo de control: MX-MxUPN

005 - FECHA Y HORA DE LA ÜLTIMA TRANSACCIÓN

  • campo de control: 20240807151516.0

008 - DATOS DE LONGITUD FIJA

  • campo de control de longitud fija: 240807n||acannaabn | aaa |d

010 ## - NÚMERO DE CONTROL DE LA BIBLIOTECA DEL CONGRESO

  • Número de control LC: n 50046156

035 ## - NUMERO DE CONTROL

  • Número de control: UPN11000000936

035 ## - NUMERO DE CONTROL

  • Número de control: (OCoLC)oca00081301

040 ## - FUENTE DE CATALOGACIÓN

  • Lenguaje de catalogación: spa
  • Agencia de transcripción: DLC
  • Agencia original de catalogación: DLC
  • Agencia que lo modifica: MX-MxUPN
  • Agencia que lo modifica: MnMHCL
  • Agencia que lo modifica: OCoLC

046 ## - FECHAS CON CODIFICACIÓN ESPECIAL

  • Fecha de nacimiento: 18711120
  • Fecha de muerte: 19650213

100 1# - ENCABEZAMIENTO - NOMBRE PERSONAL

  • Nombre personal: Kilpatrick, William Heard,
  • Fechas asociadas con el nombre: 1871-1965

370 ## - LUGAR ASOCIADO

  • Fuente del término: $naf
  • Place of birth: White Plains (Ga.)
  • Place of death: Nueva York
  • Associated country: Estados Unidos

373 ## - GRUPO ASOCIADO

  • Fuente del término: $naf
  • Associated group: Columbia University. Teachers College

670 ## - FUENTE EN LA QUE SE LOCALIZARON DATOS

  • Cita de la fuente: LC, 07 agosto 2024 :
  • Información localizada: (Kilpatrick, William Heard, 1871-1965)
  • Uniform Resource Identifier: https://lccn.loc.gov/n50046156

680 ## - NOTA PUBLICA DE ACCESO PÚBLICO

  • Frase explicativa de la referencia: Pedagogo estadounidense

902 ## - CATALOGADOR

  • Catalogador: DAA/110108
  • Catalogador: MaríaRobles/070824